| Tag |
First Indicator |
Second Indicator |
Subfields |
| LEADER |
00000cam a2200000Mi 4500 |
| 001 |
in00005486413 |
| 006 |
m o d |
| 007 |
cr |n|---uuuuu |
| 008 |
190211s2018 enk o ||| 0 eng d |
| 005 |
20240917181708.9 |
| 035 |
|
|
|a (OCoLC)on1114585548
|
| 040 |
|
|
|a UKAMD
|b eng
|c UKAMD
|d OCLCO
|
| 019 |
|
|
|a 1114532939
|
| 035 |
|
|
|a (OCoLC)1114585548
|z (OCoLC)1114532939
|
| 049 |
|
|
|a TXAM
|
| 245 |
0 |
0 |
|a [Articles and Reviews Scrapbook]
|g 1858-1928.
|
| 264 |
|
1 |
|a Marlborough, Wiltshire :
|b Adam Matthew Digital,
|c 2018.
|
| 300 |
|
|
|a 1 online resource.
|
| 336 |
|
|
|a text
|b txt
|2 rdacontent
|
| 337 |
|
|
|a computer
|b c
|2 rdamedia
|
| 338 |
|
|
|a online resource
|b cr
|2 rdacarrier
|
| 490 |
1 |
|
|a AM Scholar: Area Studies Japan.
|
| 500 |
|
|
|a The scrapbooks series is among the most interesting in the Griffis collection. Typical of nineteenth-century scrapbooks, they are bound volumes into which have been pasted all types of materials, most especially newspaper and journal clippings, correspondence, photographs, ephemera and memorabilia. Scrapbooks dealing with Japan, China and Korea, Japanese-American relations, WEG's writings, lectures and his family were filmed. Those dealing narrowly with American History or European topics were not filmed.
|
| 534 |
|
|
|p Reproduction of:
|t [Articles and Reviews Scrapbook]
|c [1858-1928].
|
| 535 |
1 |
|
|a Rutgers University Libraries
|
| 542 |
|
|
|f Rutgers University Library
|
| 588 |
0 |
|
|a Description based on online resource (viewed on February 11, 2019).
|
| 655 |
|
7 |
|a Electronic books.
|2 local
|
| 710 |
2 |
|
|a William Elliot Griffis,
|e author.
|
| 710 |
2 |
|
|a Adam Matthew Digital (Firm),
|e digitiser.
|
| 830 |
|
0 |
|a AM Scholar: Area Studies Japan.
|
| 856 |
4 |
0 |
|u http://proxy.library.tamu.edu/login?url=https://www.amscholar.amdigital.co.uk/Documents/Details/JTWE_Part3_Reel49_Vol3
|z Connect to the full text of this electronic book
|t 0
|
| 856 |
4 |
0 |
|u http://proxy.library.tamu.edu/login?url=https://www.amscholar.amdigital.co.uk/Documents/Details/JTWE_Part3_Reel50_Vol1
|z Connect to the full text of this electronic book
|t 0
|
| 955 |
|
|
|a Adam Matthew Scholar Area Studies Japan
|
| 994 |
|
|
|a 92
|b TXA
|
| 999 |
f |
f |
|s 24572dfd-aa9b-43af-9f43-1d89a033ca85
|i b689ffef-5b68-481d-bf0e-8758ddf9229b
|t 0
|
| 952 |
f |
f |
|a Texas A&M University
|b College Station
|c Electronic Resources
|d Available Online
|t 0
|h Library of Congress classification
|
| 998 |
f |
f |
|t 0
|l Available Online
|